| 000 | 01758nam a22002657i 4500 | ||
|---|---|---|---|
| 999 |
_c23656 _d23656 |
||
| 003 | AR-CdUCM | ||
| 008 | 260428b2014 sp d|||| |||| 00| 0 spa d | ||
| 020 | _a9785396011137 | ||
| 040 |
_aMUNICIPALIDAD PROVINCIAL DEL CUSCO _cBIBLIOTECA MUNICIPAL DEL CUSCO |
||
| 041 | _hspa | ||
| 082 |
_a510 _bG91 / t.1 |
||
| 100 |
_aGuik, Yevgueni _952766 |
||
| 245 |
_aMatemática en el tablero de ajedrez : _bEl tablero y las piezas / |
||
| 260 |
_aEspaña : _bKRASAND _c2014 |
||
| 300 |
_a218 páginas. : _c15x21,5 cm. |
||
| 505 | _aEl tablero de ajedrez: estructura y características -- Origen histórico del ajedrez y su vínculo con la matemática -- Sistema de coordenadas y notación algebraica -- Representación del tablero como plano cartesiano -- Propiedades geométricas del tablero -- Concepto de casillas y colores alternos -- Movimiento y valor relativo del rey -- Movimiento y potencia de la dama -- Trayectorias de la torre en filas y columnas -- Movimiento diagonal del alfil y su alcance -- El caballo y sus desplazamientos no lineales -- El peón: movimiento, captura y promoción -- Problemas clásicos del recorrido del caballo -- Caminos mínimos en el tablero -- Simetrías, patrones y regularidades -- Introducción a la teoría de grafos aplicada al ajedrez -- Conteo de movimientos posibles de las piezas -- Estrategias combinatorias básicas -- Resolución de problemas matemáticos en el tablero -- Ejercicios propuestos y soluciones guiadas | ||
| 650 |
_aAjedrez _93993 |
||
| 650 |
_aMatemática recreativa _952768 |
||
| 650 |
_aTeoría de grafos _941933 |
||
| 650 |
_aGeometría _952780 |
||
| 650 |
_aAnálisis combinatorio _952781 |
||
| 650 |
_aJuegos de estrategia _952782 |
||
| 942 |
_2ddc _cLIBROS |
||
| 945 |
_aesh _d28-04-2026 |
||